[Event "SLO-ch U12"]
[Site "Murska Sobota"]
[Date "2007.02.26"]
[Round "3"]
[White "Petrovcic, Peter"]
[Black "Kralj, Samo"]
[Result "0-1"]
[WhiteElo "1500"]
[BlackElo "1538"]
[PlyCount "68"]
[EventDate "2007.02.25"]
[EventType "swiss"]
[EventRounds "9"]
[EventCountry "SLO"]
[SourceTitle "CBM 117 Extra"]
[Source "ChessBase"]
[SourceDate "2007.05.09"]
[SourceVersion "1"]
[SourceVersionDate "2007.05.09"]
[SourceQuality "1"]

1. e4 e5 2. Bc4 Bc5 3. Nf3 Nc6 4. 0-0 Nf6 5. Nc3 d6 6. h3 Be6 7. Nd5 Qd7 8. Nxf6+ gxf6 9. Bxe6 Qxe6 10. d3 Rg8 11. Kh1 0-0-0 12. Be3 Bb6 13. d4 exd4 14. Bxd4 Bxd4 15. Nxd4 Qxe4 16. Nf3 Qg6 17. g3 Qf5 18. Kh2 Ne5 19. Nxe5 dxe5 20. Qe2 h5 21. c3 Qg5 22. Qe3 Qxe3 23. fxe3 Rd2+ 24. Kh1 Rxg3 25. Rxf6 Rxh3+ 26. Kg1 Rg3+ 27. Kh1 Rxe3 28. Rxf7 Ree2 29. Rg7 Rxb2 30. Rd1 b6 31. a4 Ra2 32. Rdd7 Ra1+ 33. Rg1 Rxg1+ 34. Kxg1 Kxd7 0-1

[Event "SLO-ch U12"]
[Site "Murska Sobota"]
[Date "2007.02.26"]
[Round "2"]
[White "Vida, Dorian"]
[Black "Petrovcic, Peter"]
[Result "1/2-1/2"]
[WhiteElo "1509"]
[BlackElo "1500"]
[PlyCount "39"]
[EventDate "2007.02.25"]
[EventType "swiss"]
[EventRounds "9"]
[EventCountry "SLO"]
[SourceTitle "CBM 117 Extra"]
[Source "ChessBase"]
[SourceDate "2007.05.09"]
[SourceVersion "1"]
[SourceVersionDate "2007.05.09"]
[SourceQuality "1"]

1. e4 e5 2. f4 d6 3. Nf3 Nc6 4. Bc4 Be7 5. 0-0 Bg4 6. c3 exf4 7. d4 Nf6 8. Qe1 0-0 9. h3 Bh5 10. Bxf4 h6 11. e5 Nd7 12. e6 fxe6 13. Bxe6+ Kh8 14. Bg3 Re8 15. d5 Na5 16. Nbd2 Bf6 17. Qd1 c6 18. c4 Bxb2 19. Rb1 Bf6 20. Bxd6 1/2-1/2

[Event "SLO-ch U12"]
[Site "Murska Sobota"]
[Date "2007.02.25"]
[Round "1"]
[White "Petrovcic, Peter"]
[Black "Mejak, Severin"]
[Result "1/2-1/2"]
[WhiteElo "1500"]
[BlackElo "1628"]
[PlyCount "42"]
[EventDate "2007.02.25"]
[EventType "swiss"]
[EventRounds "9"]
[EventCountry "SLO"]
[SourceTitle "CBM 117 Extra"]
[Source "ChessBase"]
[SourceDate "2007.05.09"]
[SourceVersion "1"]
[SourceVersionDate "2007.05.09"]
[SourceQuality "1"]

1. e4 Nf6 2. e5 Nd5 3. Bc4 Nb6 4. Bb3 d6 5. exd6 exd6 6. Ne2 Be7 7. Nbc3 0-0 8. d3 Nc6 9. 0-0 a6 10. Be3 Nd7 11. d4 Nf6 12. a3 d5 13. Nf4 Be6 14. Re1 Qd7 15. h3 h6 16. Qd2 g5 17. Nxe6 fxe6 18. h4 Nh7 19. hxg5 Bxg5 20. Bxg5 hxg5 21. Qe3 Rae8 1/2-1/2

[Event "Nova Gorica op-B 12th"]
[Site "Nova Gorica"]
[Date "2007.01.27"]
[Round "4"]
[White "Petrovcic, Peter"]
[Black "Asanin, Svarun"]
[Result "1/2-1/2"]
[WhiteElo "1500"]
[BlackElo "1500"]
[PlyCount "74"]
[EventDate "2007.01.26"]
[EventType "swiss"]
[EventRounds "9"]
[EventCountry "SLO"]
[SourceTitle "CBM 116 Extra"]
[Source "ChessBase"]
[SourceDate "2007.03.07"]
[SourceVersion "1"]
[SourceVersionDate "2007.03.07"]
[SourceQuality "1"]

1. e4 e5 2. Nf3 Nc6 3. Bc4 Nf6 4. Nc3 Bc5 5. d3 Ng4 6. 0-0 d6 7. h3 Nxf2 8. Rxf2 Bxf2+ 9. Kxf2 0-0 10. Be3 a6 11. a4 Rb8 12. Qd2 Qf6 13. Bg5 Qg6 14. Nh4 Qh5 15. g4 Bxg4 16. hxg4 Qxg4 17. Rg1 Qh5 18. Bf6 g6 19. Qg5 Qxg5 20. Bxg5 b5 21. axb5 axb5 22. Bxb5 Nd4 23. Bc4 Rxb2 24. Nd5 Rxc2+ 25. Kf1 f6 26. Nb4+ Kh8 27. Nxc2 fxg5+ 28. Kg2 gxh4 29. Nxd4 exd4 30. Rf1 Rxf1 31. Kxf1 Kg7 32. Kg2 Kh6 33. Kh3 Kh5 34. Be6 Kg5 35. Bd7 Kh5 36. Kg2 Kg5 37. Kh3 h5 1/2-1/2